000 00393nam a2200157 a 4500
001 2740
005 20140414131848.0
008 050927s19uu xx 00 eng d
020 _a0-89919-770-1
050 _aM 423.1
_bT27 1988
100 _aMarvin Terban
245 _aGuppies in tuxedos.
260 _aNew York :
_bClarion Books,
_c1988.
300 _a64 p. : ill. ; cm.
999 _c110063
_d110063